| 000 | 01340cad a22002535a 4500 | ||
|---|---|---|---|
| 001 | L143614 | ||
| 008 | 080521s2008 xxkad f s 000 0 eng d | ||
| 035 | _a(Sirsi) u143614 | ||
| 041 | 0 | _aeng | |
| 050 | 0 | 4 | _a333.33 $2 18 |
| 110 | 2 |
_aRoyal Institution of Chartered Surveyors _bEconomics _95033 |
|
| 245 | 0 | 0 |
_aRICS UK economic brief _bApril 2008 _h[electronic resource] |
| 260 |
_aLondon _bRICS _c2008 |
||
| 490 | 0 |
_aRICS UK Economic Brief _vApril 2008 |
|
| 520 | _aPredicts that a resilient UK economy will give way to a credit crunch. Finds evidence of a downturn in the UK commercial property sector. In the construction sector, reports that workload growth, while remaining positive, slowed sharply to the lowest level since Q1 1996. Reports the residential property market continues to weaken, with the RICS Housing Market Survey reporting surveyor sentiment continued to fall in February 2008. | ||
| 590 | _aKA | ||
| 650 | 2 | 4 | _aRICS UK ECONOMIC BRIEF |
| 651 | 4 |
_aUnited Kingdom _y |
|
| 690 | _aBUILT ENVIRONMENT-CONSTRUCTION MARKET | ||
| 690 | _aPROPERTY-COMMERCIAL PROPERTY-COMMERCIAL PROPERTY MARKET | ||
| 690 | _aPROPERTY-RESIDENTIAL PROPERTY-RESIDENTIAL PROPERTY MARKET | ||
| 856 | 4 | 0 |
_uhttps://www.rics.org/site/scripts/download_info.aspx?downloadID=966 _zView this report free of charge at www.rics.org... |
| 942 | _n0 | ||
| 999 |
_c108228 _d108228 |
||